| Tag |
First Indicator |
Second Indicator |
Subfields |
| LEADER |
00000cam a2200000 a 4500 |
| 001 |
in00000839607 |
| 005 |
20151019053035.0 |
| 008 |
830920s1983 mdu b f00010 eng d |
| 010 |
|
|
|a gp 84005373
|
| 035 |
|
|
|a (OCoLC)09962274
|
| 035 |
|
|
|9 AEA1892AM
|
| 040 |
|
|
|a KEN
|c KEN
|d GPO
|d UtOrBLW
|
| 074 |
|
|
|a 508-H-1
|
| 086 |
0 |
|
|a HE 20.3614/2:83-12
|
| 092 |
|
|
|a 610.72
|b N21?, no. 83-12
|
| 100 |
1 |
|
|a Kenton, Charlotte.
|
| 245 |
1 |
0 |
|a Sleep apnea :
|b January 1980 through August 1983, 323 citations /
|c prepared by Charlotte Kenton.
|
| 264 |
|
1 |
|a Bethesda, Md. :
|b U.S. Dept. of Health and Human Services, Public Health Service, National Institutes of Health,
|c 1983.
|
| 300 |
|
|
|a 22 pages ;
|c 28 cm.
|
| 336 |
|
|
|a text
|b txt
|2 rdacontent
|
| 337 |
|
|
|a unmediated
|b n
|2 rdamedia
|
| 338 |
|
|
|a volume
|b nc
|2 rdacarrier
|
| 490 |
1 |
|
|a Literature search ;
|v no. 83-12
|
| 500 |
|
|
|a "National Library of Medicine."
|
| 650 |
|
0 |
|a Sleep apnea syndromes
|x Bibliography.
|
| 710 |
2 |
|
|a National Library of Medicine (U.S.)
|
| 830 |
|
0 |
|a Literature search ;
|v no. 83-12.
|
| 999 |
|
|
|a MARS
|
| 999 |
f |
f |
|s 2e5acc77-e653-34ca-90d1-f8e9ed8b1ddd
|i 5845b315-31bf-3072-affd-8a24f29345a9
|t 0
|
| 952 |
f |
f |
|p normal
|a Texas A&M University
|b College Station
|c Sterling C. Evans Library
|d Evans: US Documents (Annex 5th floor)
|t 0
|e HE 20.3614/2:83-12
|h Superintendent of Documents classification
|i unmediated -- volume
|m A14815116693
|
| 998 |
f |
f |
|a HE 20.3614/2:83-12
|t 0
|l Evans: US Documents (Annex 5th floor)
|